000
00302nam a2200121Ia 4500
008
220204s9999 xx 000 0 und d
082
_a
338.43:633
_b
RAE
100
_a
RAE, Allen N
245
0
_a
Crop management economics.
260
_a
London
_b
Lockwood
_c
1977
650
_a
Crop management
942
_c
BK
999
_c
25150
_d
25150